<?xml version="1.0" encoding="UTF-8"?>
<collection xmlns="http://www.loc.gov/MARC21/slim">
 <record>
  <leader>03331nam a2200301 a 4500</leader>
  <controlfield tag="001">1/45225</controlfield>
  <controlfield tag="008">140820s2004    ne            001 0 eng  </controlfield>
  <datafield tag="020" ind1=" " ind2=" ">
   <subfield code="a">9780120884018</subfield>
  </datafield>
  <datafield tag="020" ind1=" " ind2=" ">
   <subfield code="a">0120884011</subfield>
  </datafield>
  <datafield tag="035" ind1=" " ind2=" ">
   <subfield code="l">48184</subfield>
  </datafield>
  <datafield tag="040" ind1=" " ind2=" ">
   <subfield code="a">OPELS</subfield>
   <subfield code="b">eng</subfield>
   <subfield code="c">OPELS</subfield>
   <subfield code="d">BTCTA</subfield>
   <subfield code="d">OCLCQ</subfield>
   <subfield code="d">OCLCF</subfield>
   <subfield code="d">GR-PeUP</subfield>
  </datafield>
  <datafield tag="245" ind1="0" ind2="0">
   <subfield code="a">QuickTime toolkit</subfield>
   <subfield code="h">[electronic resource] /</subfield>
   <subfield code="c">Apple.</subfield>
  </datafield>
  <datafield tag="260" ind1=" " ind2=" ">
   <subfield code="a">Amsterdam ;</subfield>
   <subfield code="a">Boston :</subfield>
   <subfield code="b">Morgan Kaufmann,</subfield>
   <subfield code="c">2004.</subfield>
  </datafield>
  <datafield tag="300" ind1=" " ind2=" ">
   <subfield code="a">1 online resource (2 v.) :</subfield>
   <subfield code="b">ill.</subfield>
  </datafield>
  <datafield tag="490" ind1="1" ind2=" ">
   <subfield code="a">QuickTime developer series</subfield>
  </datafield>
  <datafield tag="520" ind1=" " ind2=" ">
   <subfield code="a">&quot;When QuickTime application developers get stuck, one of the first places they look for help is example code from Tim Monroe. Finally, Tim's well-crafted examples and clear descriptions are available in book forma must-have for anyone writing applications that import, export, display, or interact with QuickTime movies.&quot; Matthew Peterson; University of California, Berkeley; the M.I.N.D. Institute; and author of Interactive QuickTime QuickTime Toolkit Volume One is a programmers introduction to QuickTime, the elegant and potent media engine used by many of Apple's industry-leading services and products (such as the iTunes music store, iMovie, and Final Cut Pro) and also used by a large number of third-party applications. This hands-on guide shows you how to harness the powerful capabilities of QuickTime for your own projects. The articles collected here from the author's highly regarded column in MacTech Magazine are packed with accessible code examples to get you quickly started developing applications that can display and create state-of-the-art digital content. This book begins by showing how to open and display QuickTime movies in a Macintosh or Windows application and progresses step by step to show you how to control movie playback and how to import and transform movies and images. QuickTime Toolkit also shows how to create movies with video data, text, time codes, sprites, and wired (interactive) elements. Part of the official QuickTime Developer Series, publishing the finest books on QuickTime in cooperation with Apple. *Includes a CD-ROM with numerous code examples in C to jumpstart your work *Written in a clear, engaging style by one of Apple's premier media engineers known for his ability to make QuickTime's sophisticated technology accessible to software developers *Offers many undocumented insider tips for making applications that work well in both Mac OS and Windows.</subfield>
  </datafield>
  <datafield tag="505" ind1="0" ind2=" ">
   <subfield code="a">It All Starts Today; Control; Out of Control; The Image; In and Out; Doug's 1st Movie; The Informant; The Atomic Cafe; Somewhere I'll Find You; Word Is Out; Timecode; A Space Odyssey; Honey, I Shrunk the Kids; A Goofy Movie; An Extremely Goofy Movie; Wired; Moving Target; Back In Action; Glossary.</subfield>
  </datafield>
  <datafield tag="500" ind1=" " ind2=" ">
   <subfield code="a">Includes indexes.</subfield>
  </datafield>
  <datafield tag="505" ind1="0" ind2=" ">
   <subfield code="a">v. 1. Basic movie playback and media types.--v. 2. Advanced movie playback and media types.</subfield>
  </datafield>
  <datafield tag="650" ind1=" " ind2="4">
   <subfield code="a">Motion pictures</subfield>
   <subfield code="x">Editing</subfield>
   <subfield code="x">Data processing.</subfield>
  </datafield>
  <datafield tag="630" ind1="0" ind2="0">
   <subfield code="a">QuickTime.</subfield>
  </datafield>
  <datafield tag="655" ind1=" " ind2="4">
   <subfield code="a">Electronic books.</subfield>
  </datafield>
  <datafield tag="710" ind1="2" ind2=" ">
   <subfield code="a">Apple Computer, Inc.</subfield>
  </datafield>
  <datafield tag="830" ind1=" " ind2="0">
   <subfield code="a">QuickTime developer series.</subfield>
  </datafield>
  <datafield tag="852" ind1=" " ind2=" ">
   <subfield code="a">INST</subfield>
   <subfield code="b">UNIPILB</subfield>
   <subfield code="c">EBOOKS</subfield>
   <subfield code="e">20140820</subfield>
   <subfield code="p">00b48184</subfield>
   <subfield code="q">00b48184</subfield>
   <subfield code="t">ONLINE</subfield>
   <subfield code="y">0</subfield>
  </datafield>
  <datafield tag="856" ind1="4" ind2="0">
   <subfield code="3">ScienceDirect</subfield>
   <subfield code="u">http://www.sciencedirect.com/science/book/9780120884018</subfield>
  </datafield>
  <datafield tag="856" ind1="4" ind2=" ">
   <subfield code="d">/webopac/covers/03/48184_9780120884018.jpg</subfield>
  </datafield>
  <datafield tag="856" ind1="4" ind2=" ">
   <subfield code="d">/webopac/covers/03/48184_0120884011.jpg</subfield>
  </datafield>
 </record>
</collection>
